Vista completa de documento

STA |a MIBE-2024
STA |a REPO-BOEC
FMT BK
LDR      nab  22      i 4500
001 000476142
005 20241220163519.0
006 m        d        
007 cr nuu---uuuuu
008 241216s2024    sp a   fs     000 0 spa d
0247 |a 10.53479/38480 |2 doi
040 |a ES-MaBBE
084 |a E32
084 |a L25
084 |a E66
098 |a D2 |e Producción y mercado
1001 |a Fernández-Cerezo, Alejandro
24510 |a Encuesta a las empresas españolas sobre la evolución de su actividad |h [Recurso electrónico] : |b cuarto trimestre de 2024 / |c Alejandro Fernández Cerezo y Mario Izquierdo.
250 4 |a 16/12/2024
300 |a 10 p.
500 |a Artículo de revista
506 |a Acceso público y gratuito a la versión electrónica en Internet
5203 |a Motivación La Encuesta del Banco de España sobre la Actividad Empresarial (EBAE) permite extraer, en tiempo real, información acerca de la facturación, el empleo y los precios pagados y cobrados por una muestra amplia de empresas españolas, lo que contribuye al diagnóstico de la situación coyuntural. Ideas principales •Las empresas perciben un aumento de la facturación en el cuarto trimestre de 2024, frente a los descensos del mismo trimestre de los dos años anteriores. Aquellas localizadas en la Comunitat Valenciana reportan un comportamiento negativo, como reflejo del impacto de la DANA. •Las presiones inflacionistas repuntan levemente en el cuarto trimestre, tanto en el coste de los inputs como en los precios de venta. •Desciende el porcentaje de compañías afectadas por mayores gastos financieros y escasez de demanda, pero se mantienen elevados la incertidumbre sobre la política económica y los problemas de mano de obra. •En un módulo sobre tecnologías avanzadas, un 3 % de las empresas hacen un uso intenso de sistemas de inteligencia artificial y un 11 % los utilizan de forma experimental. Entre las que no los emplean, los principales obstáculos señalados son la falta de personal cualificado, unos costes demasiado altos y la incertidumbre sobre las consecuencias legales. [Resumen de autor] |9 [spa]
651 4 |a España
650 4 |a Empleo
650 4 |a Precios
650 4 |a Empresas
65310 |a Perspectivas económicas
65310 |a Facturación
65310 |a Empleo
65310 |a Precios
7001 |a Izquierdo, Mario
7102 |a Banco de España. |b Dirección General de Economía y Estadística
7730 |t Boletín Económico / Banco de España [Artículos] |g 2024/T4, 06 |x 1579-8623
85641 |u https://repositorio.bde.es/handle/123456789/38480 |x fe58715f-2628-4743-a90e-6b951155b701 |z Ver en el Repositorio Institucional
TYP |a Artículo
TYP |a Recurso electronico
TYP |a EL |b Acceso
SYS 000476142

2013 Banco de España, Madrid, España. Reservados todos los derechos
Basado en Ex Libris (© 2009 Ex Libris)

Contacto